| 000 | 01079cab a2200205 4500 | ||
|---|---|---|---|
| 001 | ##L132555 | ||
| 008 | 060217n2006 000 0 eng u | ||
| 035 | _a(Sirsi) u132555 | ||
| 041 | 0 | _aeng | |
| 100 | 1 | _aO'Brien, Cheryl | |
| 245 | 0 | _aInteresting debts | |
| 260 | _c2006 | ||
| 490 | 0 |
_aEstate Agent _vJanuary/February 2006, 21(1) |
|
| 520 | _aProvides a briefing on the changes to the late payment legislation enacted by the Late Payment of Commercial Debt Regulation Act 2002 which took effect from 1 November 2002. The Act extended the right to claim interest on late payment of commercial debt to all businesses and introduced compensation charges. Suggests that although there is a general awareness of the Act there is some reluctance to use it in practice in case customer relationships are damaged. Recommends using the Act as an integral part of business terms. | ||
| 590 | _aIKA280206 | ||
| 650 | 2 | 4 | _aLATE PAYMENT OF COMMERCIAL DEBT REGULATION ACT 2002 |
| 690 | _aMANAGEMENT-BUSINESS MANAGEMENT-FINANCIAL MANAGEMENT | ||
| 700 | 1 | _aLees, Jayne | |
| 942 | _n0 | ||
| 999 |
_c76490 _d76490 |
||